00387 a2200133 4500003000500000005001700005028002500022040000900047082001500056100002400071245011800095260002800213300001200241Nust20230328130334.0 aAl fasial publishers cNust a828.80,AFZ aMian Muhammad Afzal aSaqoot-e-Baghdad Se Sakoot-e-Dhaka tak سقوط بغداد سے سقوط ڈھاکہ تک / cMian Muhammad Afzal  aLahorebAl Fasialc2005 a1,563 p